[Event "BAN-ch U20"]
[Site "Dhaka"]
[Date "2019.05.19"]
[Round "5"]
[White "Md Rashedujjaman, Rakib"]
[Black "Manon, Reja Neer"]
[Result "0-1"]
[WhiteElo "1697"]
[BlackElo "1491"]
[PlyCount "86"]
[EventDate "2019.05.15"]
[EventType "swiss"]
[EventRounds "8"]
[EventCountry "BAN"]
[SourceTitle "EXT 2020"]
[Source "ChessBase"]
[SourceDate "2019.10.17"]
[SourceVersion "1"]
[SourceVersionDate "2019.10.17"]
[SourceQuality "1"]

1. e4 c6 2. Nf3 d5 3. exd5 cxd5 4. d4 Bf5 5. Be2 Nf6 6. Nc3 Nc6 7. Bf4 a6 8. 0-0 e6 9. Bg5 Be7 10. Nh4 Bg6 11. Nf3 0-0 12. a3 Qc7 13. Bh4 Rac8 14. Bg3 Bd6 15. Rc1 Rfd8 16. Bh4 Be7 17. Bg3 Qb6 18. Rb1 Ne4 19. Na2 Na5 20. Ne5 Nxg3 21. hxg3 Bxc2 22. Qd2 Bxb1 23. Rxb1 Nc4 24. Nxc4 dxc4 25. Bf3 Bf6 26. Qb4 Qxb4 27. Nxb4 Rc7 28. d5 a5 29. Nc2 exd5 30. Rd1 d4 31. Be4 g6 32. Ne1 b5 33. Rc1 d3 34. Nxd3 cxd3 35. Rxc7 d2 36. Bc2 d1Q+ 37. Bxd1 Rxd1+ 38. Kh2 Bxb2 39. Rc5 b4 40. a4 Bd4 41. Rxa5 b3 42. Ra8+ Kg7 43. a5 b2 0-1